Statistics for 30 Biggest "Saint" Cities

Click here to take the quiz!

General Stats

  • This quiz has been taken 116 times
  • The average score is 13 of 29

Answer Stats

Population City % Correct
884,363San Francisco
92%
1,428,300San José (Costa Rica)
89%
1,035,317San Jose (California)
89%
1,419,516San Diego
88%
12,067,410São Paulo
81%
2,581,827Santo Domingo
76%
1,511,946San Antonio
75%
397,400Santiago del Estero
69%
433,498Santiago de Cuba
69%
550,753Santiago de los Caballeros
69%
6,160,040Santiago de Chile
69%
507,600San Juan (Argentina)
65%
381,931San Juan (Puerto Rico)
65%
5,351,935St. Petersburg
61%
1,743,315San Salvador
56%
535,700Santa Fe
47%
761,700San Luis Potosí
33%
1,442,396Santa Cruz
33%
1,033,920São Luís
29%
650,770San Pedro Sula
22%
699,420São José dos Campos
17%
428,570São José do Río Preto
17%
892,900San Miguel de Tucumán
13%
716,110Santo André
5%
1,076,900São Gonçalo
5%
482,700Santa Marta
5%
819,300São Bernardo do Campo
4%
471,890São João de Meriti
2%
447,300San Nicolás de los Garza
2%

Score Distribution

Percentile by Number Answered

Percent of People with Each Score

Your Score History

You have not taken this quiz